Adivina el personaje #4 - Estadísticas

Estadísticas generales
  • Esta prueba ha sido intentada 112 veces
  • La puntuación promedio es 9 de 16
Estadísticas de respuestas
Imagen Respuesta % Correcto
Piolín
97%
Pitufina
96%
Gruñón
94%
Ansiedad
90%
Princesa Sofía
89%
Gepetto
81%
Mushu
67%
Tio Gilito
64%
Anastasia
60%
Jake
50%
Princesa Elena
46%
Brock
41%
Niebla
41%
Lucia
9%
Endivia
8%
Lockette
8%
No se encontraron pruebas coincidentes
Distribución de puntuación
Porcentaje de gente con cada puntuación
Porcentaje por número respondido
Historial de tus puntuaciones
No has intentado esta prueba.